000 00815cam a22002771 4500
001 6660
003 BD-RjUL
005 20211208234304.0
008 14 t1967 nyu 001 0 eng
035 _a(OCoLC)ocm00796480
035 _a(BD-RjUL)6701
040 _aDLC
_cDLC
_dUKM
_dZCU
_dBD-RjUL
_beng
041 _aeng
082 0 0 _a512.8
_216
_bHOV 1967
100 1 _aHollingsworth, Charles A.
_920935
245 1 0 _aVectors, matrices, and group theory for scientists and engineers
_c[by] Charles A. Hollingsworth.
260 _aNew York :
_bMcGraw-Hill,
_cc1967
300 _aix, 355 p. ;
_c23 cm.
504 _aIncludes index.
650 0 _aVector analysis.
_920448
650 0 _aMatrices.
_920936
650 0 _aGroup theory.
_920343
942 _2ddc
_cBK
999 _c6660
_d6660